000 003650000a22001570004500
005 20120302052511.0
942 _cBOOK
245 _a Arabian nights: Entertainments
260 _aLondon:
_bWilloughby,
_c-
300 _axvi,1032p
040 _aENG
365 _bRs.
650 _aHistory
650 _aArabian Nights-Entertainments
650 _aHistory-Schahriar
999 _c340291
_d340288